000 00653nam a22002297a 4500
003 UA-OsUOA
001 89675
007 ta
008 20121108b un ||||| |||| 00| 0 ukr d
100 _aГуреїв О.
090 _a821.161.2
_bГ 95
942 _cBK
040 _aUA-OsUOA
_bukr
_cUA-OsUOA
_dUA-OsUOA
245 _aРояль і скальпель
_bповісті та оповідання
300 _a269 с.
955 _a3
041 _aukr
080 _a821.161.2
260 _aК.
_bрадянський письменник
_c1971
650 7 _a82 Література. Літературознавство
_2UDC
999 _c375955
_d375955